000 00446nam a2200181Ia 4500
008 090122s9999 xx 000 0 und d
082 _b13365
_a823
100 _aCoffman
_bElaine
245 _aThe Bride of Black Douglas
260 _bMira
_c2000
300 _a440
501 _aRohit Book Centre
600 _aCoffman
630 _aThe Bride of Black Douglas
700 _aCoffman
730 _aThe Bride of Black Douglas
942 _cBOOK
999 _c37442
_d37442